000 00349pam a2200157a 44500
008 230515b1900 xxu||||| |||| 00| 0 eng d
020 _aNULL
041 _aMARATHI
082 _a1
100 _aPARNJAPE
245 _aSANJIVAN CHIKITSA PADHATI
250 _a1
260 _a
_bNULL
_c1900
300 _a20O
650 _aSANJIVAN CHIKITSA PADHATI
999 _c497030
_d497030